ბათუმის შოთა რუსთაველის სახელმწიფო უნივერსიტეტის ბიბლიოთეკა

Locarno - La necropoli romana di Solduno : (ბიბ.ჩანაწერი № 60715)

000 -LEADER
fixed length control field 00604nam a22001577a 4500
005 - DATE AND TIME OF LATEST TRANSACTION
control field 20231012155329.0
008 - FIXED-LENGTH DATA ELEMENTS--GENERAL INFORMATION
fixed length control field 231012s1979 it ||||| |||| 00| 0 ita d
041 ## - LANGUAGE CODE
Language code of text/sound track or separate title ita
080 ## - UNIVERSAL DECIMAL CLASSIFICATION NUMBER
Universal Decimal Classification number 902 D-72
100 ## - MAIN ENTRY--PERSONAL NAME
Personal name Donati, Pierangelo
9 (RLIN) 20067
245 ## - TITLE STATEMENT
Title Locarno - La necropoli romana di Solduno :
Remainder of title Catalogo dei materiali /
Statement of responsibility, etc. Donati, Pierangelo.
264 ## - PRODUCTION, PUBLICATION, DISTRIBUTION, MANUFACTURE, AND COPYRIGHT NOTICE
Place of production, publication, distribution, manufacture Bellinzona.
Date of production, publication, distribution, manufacture, or copyright notice 1979.
300 ## - PHYSICAL DESCRIPTION
Extent 294 p.:
Other physical details ill.;
Dimensions 25 cm.
653 ## - INDEX TERM--UNCONTROLLED
keyword ლოკარნო - სოლდუნოს რომაული ნეკროპოლისი - მასალების კატალოგი
942 ## - ADDED ENTRY ELEMENTS (KOHA)
Source of classification or shelving scheme
Koha item type წიგნი
ეგზემპლარები
Withdrawn status Lost status Source of classification or shelving scheme Damaged status Not for loan Permanent Location Current Location Shelving location Date acquired Cost, normal purchase price Full call number Barcode Date last seen Copy number Uniform Resource Identifier Price effective from Koha item type Public note
          ბათუმის შოთა რუსთაველის სახელმწიფო უნივერსიტეტის მთავარი ბიბლიოთეკა ბათუმის შოთა რუსთაველის სახელმწიფო უნივერსიტეტის მთავარი ბიბლიოთეკა წიგნსაცავი 2023-10-12 8.00 902 D-72 65245 2023-10-12 65245 ბსუ-ს საპატიო დოქტორის გურამ ლორთქიფანიძის საჩუქარი 2023-10-12 წიგნი 8 ლ.